000
00316nam a2200133Ia 4500
020
_a
9788120311770
082
_a
005.73
100
_a
Yedidyah Langsam
_9
777
245
0
_a
Data Structures Using C and C++
250
_a
2
260
_b
New Delhi
_a
Prentice Hall Of India
_c
2007
650
_a
COMPUTER
_9
31
942
_c
BK
999
_c
13526
_d
13526